| 000 | 01006nam a2200289Ia 4500 | ||
|---|---|---|---|
| 001 | E6557 | ||
| 003 | IT-RoPAU | ||
| 008 | 130308s9999 xx 000 0 und d | ||
| 040 | _aIT-RoPAU | ||
| 040 | _cIT-RoPAU | ||
| 041 | _aITALIANO | ||
| 100 | _aGalluzzi Paolo | ||
| 100 | _gCodice Aut. SPICS: 48931 | ||
| 245 | _aNuove tecnologie e funzione culturale dei musei | ||
| 245 | _bFormati della Memoria (I). beni culturali e nuove tecnologie Alle Soglie del terzo Millennio | ||
| 250 | _a1a ed. | ||
| 260 | _aFIRENZE | ||
| 260 | _bGiunti Gruppo Editoriale | ||
| 260 | _c1997 [1° Ed.:1997 - Ed.Ling.Originale:1997] | ||
| 300 | _a"37 p. (prefazione: no ; testo: 37 [pagine: 3-39])" | ||
| 500 | _aOpportunità e scenari per Il terzo Millennio. Concezione, missione e Valore dei Musei. Rivoluzione potenziale delle nuove Tecnologie. Dal museo Tempio al museo Officina. | ||
| 650 | _aSAGGI DI INFORMATICA | ||
| 650 | _eCodice materia Spics: 4207 | ||
| 942 | _cBK | ||
| 957 | _71 | ||
| 999 |
_c96866 _d96866 |
||
| 999 | _g1 | ||